Estudio historico, critico y literario sobre Cayo Julio Cesa (Record no. 80801)

MARC details
000 -LEADER
campo de control de longitud fija 00789nam a2200205 i 4500
001 - NÚMERO DE CONTROL
campo de control 80801
003 - IDENTIFICADOR DE NÚMERO DE CONTROL
campo de control ES-MaACL
005 - FECHA Y HORA DE LA ÚLTIMA TRANSACCIÓN
campo de control 20250815011716.0
007 - CAMPO FIJO DE DESCRIPCIÓN FÍSICA--INFORMACIÓN GENERAL
campo de control de longitud fija t|
008 - DATOS DE LONGITUD FIJA--INFORMACIÓN GENERAL
campo de control de longitud fija 041029s1902 sp ||||1| spa d
100 1# - ENTRADA PRINCIPAL--NOMBRE DE PERSONA
Nombre de persona Honrubia y Ortín, Enrique.
9 (RLIN) 64140
245 10 - MENCIÓN DEL TÍTULO
Título Estudio historico, critico y literario sobre Cayo Julio Cesa
Resto del título : tesis presentada para optar al grado de Doctor en la Facultad de Filosofia y Letras /
Mención de responsabilidad, etc. por el Licenciado Enrique Honrubia y Ortín.
260 ## - PUBLICACIÓN, DISTRIBUCIÓN, ETC.
Lugar de publicación, distribución, etc. Valladolid :
Nombre del editor, distribuidor, etc. Tomás Lleo,
Fecha de publicación, distribución, etc. 1902.
300 ## - DESCRIPCIÓN FÍSICA
Extensión 49 p. ;
Dimensiones 21 cm.
502 ## - NOTA DE TESIS
Nota de tesis Tesis doctoral.
594 ## - Nota al título y mención de responsabilidad
Nota al título y mención de responsabilidad Precede al tít.: Universidad Central. Facultad de Filosofia y Letras.
600 14 - PUNTO DE ACCESO ADICIONAL DE MATERIA--NOMBRE DE PERSONA
Nombre de persona César, Cayo Julio,
Fechas asociadas al nombre 100 a.C.-44 a.C.
9 (RLIN) 37671
852 ## - LOCALIZACIÓN
Ubicación ES-MaACL
Número de control de estantería T-999-F-11
Holdings
Estatus retirado Estado de pérdida Estado de daño No para préstamo Colección Biblioteca de origen Biblioteca actual Ubicación en estantería Fecha de adquisición Fuente de adquisición Total de préstamos Signatura topográfica completa Código de barras Visto por última vez Precio de reemplazo Tipo de ítem Koha
        Colección de folletos Biblioteca del Ateneo de Madrid Biblioteca del Ateneo de Madrid Depósito folletos 17/01/2008     T-999-F-11 1084476 23/02/2023 23/02/2023 Folleto